Responses for Show #8861 - Monday, May 1, 2023

Kevin Belle game 2.
Mayim Bialik hosts.

Contestants

[<< previous game]

Cyrus Zhou, a graduate student from St. Louis, Missouri

Maryhelen Shuman-Groh, a retired university administrator from Clearwater, Florida

Kevin Belle, a trail planner from Silver Spring, Maryland (whose 1-day cash winnings total $11,599)

[next game >>]

Jeopardy! Round responses

TITLES WITH EXCLAMATION POINTS!
WORLD OF BELIEF
3-LETTER WORDS WITH 2 VOWELS
TIME TO DANCE
IT'S GONNA BE MAY!
DOCTOR: WHO?
    $200 23
Godzilla

Cyrus
    $200 19
Lent

Cyrus
    $200 1
Age

Maryhelen
    $200 8
the foxtrot

Kevin
    $200 27
Wall Street

Kevin
    $200 2
Dr. Martin Luther King Jr.

Maryhelen
    $400 14
Help!

Kevin
    $400 12
the Maori

Kevin
    $400 4
aid

Maryhelen
    $400 9
the pogo

Triple Stumper
    $400 28
cinco de Mayo

Cyrus
    $400 3
Doc Holliday

Kevin
    $600 15
Oliver!

Kevin
    $600 20
(Maryhelen: What is Greek Orthodox?)

Islam

Maryhelen
Triple Stumper
    $600 16
the uzi

Cyrus
    $600 10
the Dougie

Kevin
    $2,400 26
Lindbergh

Kevin
    $600 5
the Immaculate Conception

Cyrus
    $800 24
Clive Cussler

Triple Stumper
    $800 21
Shiva

Cyrus
    $800 17
ire

Cyrus
    $800 11
reels

Maryhelen
    $800 29
the Red Cross

Cyrus
    $800 6
Dr. Spock

Maryhelen
    $1000 25
Absalom, Absalom!

Kevin
    $1000 22
Our Lady of Guadalupe

Cyrus
    $1000 18
the emu

Cyrus
    $1000 13
the Watusi

Maryhelen
    $1000 30
(Cyrus: Who is George VIII?)
(Maryhelen: Who is George VII?)

George VI

MaryhelenCyrus
Triple Stumper
    $1000 7
Doctor Zhivago

Cyrus

Scores at the first commercial break (after clue 15):

Kevin Maryhelen Cyrus
$2,600 $3,400 $1,600

Scores at the end of the Jeopardy! Round:

Kevin Maryhelen Cyrus
$6,200 $1,800 $6,400

Double Jeopardy! Round responses

SITTING IN WITH THE ORCHESTRA
DIVIDED ISLANDS
HI, TV NEIGHBOR
(Mayim: Name the show.)
WORLD OF WORDS
BETTER ANGELS
"R" NATURE
    $400 6
trombone

Kevin
    $400 18
(Cyrus: What is Crete?)

Cyprus

MaryhelenCyrus
    $400 5
I Love Lucy

Maryhelen
    $400 13
czar

Kevin
    $400 12
Oprah

Kevin
    $400 7
Refuge

Maryhelen
    $800 19
(Cyrus: What is a fiddle?)
(Maryhelen: What is a violin?)

a viola

MaryhelenCyrus
Triple Stumper
    $800 21
Brunei

Kevin
    $800 1
Home Improvement

Maryhelen
    $800 14
Tuesday

Triple Stumper
    $800 27
the Blue Angels

Kevin
    $800 8
runoff

Cyrus
    $1200 20
woodwinds

Kevin
    $1200 22
Denmark

Maryhelen
    $1200 2
(Kevin: What, oh... no.)

The Wonder Years

Kevin
Triple Stumper
    $1200 15
mitzvah

Kevin
    $1200 28
Billie Holiday

Kevin
    $1200 9
(Maryhelen: What is flax?)

rushes

KevinMaryhelen
    $3,600 25
Rodeo

Maryhelen
    $1600 23
St. Maarten

Triple Stumper
    $1600 3
The Honeymooners

Maryhelen
    $1,400 16
oeuvre

Kevin
    $1600 29
Hamlet

Maryhelen
    $1600 10
rookery

Cyrus
    $2000 26
a duck

Triple Stumper
    $2000 24
Papua New Guinea

Triple Stumper
    $2000 4
Gilmore Girls

Triple Stumper
    $2000 17
a barcarolle

Triple Stumper
    $2000 30
Rwanda

Triple Stumper
    $2000 11
rhizomes

Triple Stumper

Scores at the end of the Double Jeopardy! Round:

Kevin Maryhelen Cyrus
$14,000 $9,800 $7,600

[wagering suggestions for these scores]

Final Jeopardy! Round responses

18th CENTURY LITERATURE
(Mayim: [*] from Swift's [*]'s Travels.)
CyrusWho is Candide??
$7,600
MaryhelenWho is Jude the Obscure?
$6,000
KevinWho is Simple Simon?
$1,201
(Lemuel) Gulliver

Final scores:

Kevin Maryhelen Cyrus
$12,799 $3,800 $0
2-day champion: $24,398 2nd place: $2,000 3rd place: $1,000

Game dynamics:

Coryat scores:

Kevin Maryhelen Cyrus
$12,400 $7,800 $7,600
19 R
(including 2 DDs),
1 W
14 R
(including 1 DD),
4 W
13 R,
3 W

Combined Coryat: $27,800

[game clues] [game scores] [suggest correction]

Game tape date: 2023-02-27
The J! Archive is created by fans, for fans. Scraping, republication, monetization, and malicious use prohibited; this site may use cookies and collect identifying information. See terms. The Jeopardy! game show and all elements thereof, including but not limited to copyright and trademark thereto, are the property of Jeopardy Productions, Inc. and are protected under law. This website is not affiliated with, sponsored by, or operated by Jeopardy Productions, Inc. Join the discussion at JBoard.tv.